[Event "Leeuwarden op"]
[Site "Leeuwarden"]
[Date "1995.??.??"]
[Round "4"]
[White "Brenninkmeijer, Joris"]
[Black "Bartels, Hans A"]
[Result "1-0"]
[WhiteElo "2500"]
[BlackElo "2325"]
[PlyCount "79"]
[EventDate "1995.08.??"]
[EventType "swiss"]
[EventRounds "9"]
[EventCountry "NED"]
[SourceTitle "EXT 1997"]
[Source "ChessBase"]
[SourceDate "1996.11.15"]
[SourceVersion "1"]
[SourceVersionDate "1996.11.15"]
[SourceQuality "1"]

1. d4 d5 2. c4 e6 3. Nc3 Nf6 4. cxd5 exd5 5. Bg5 c6 6. Qc2 Be7 7. e3 Nbd7 8. Bd3 0-0 9. Nge2 Re8 10. 0-0 Nf8 11. f3 Be6 12. Rad1 N6d7 13. Bf4 Rc8 14. a3 a6 15. b4 b5 16. e4 Nb6 17. e5 Nc4 18. Bc1 g6 19. f4 f5 20. g4 fxg4 21. f5 gxf5 22. Nf4 Bg5 23. Bxf5 Bxf4 24. Rxf4 Qd7 25. Rdf1 Bxf5 26. Rxf5 Ng6 27. Bh6 Rf8 28. Rf6 Rxf6 29. Rxf6 Kh8 30. Qf2 g3 31. hxg3 Rg8 32. Rf7 Qe6 33. Bg5 Nf4 34. Qxf4 Rxg5 35. Rf6 Qg8 36. Ne2 Rg4 37. Qf2 Qg5 38. Rf8+ Kg7 39. Qf7+ Kh6 40. Qe6+ 1-0

[Event "Leeuwarden op"]
[Site "Leeuwarden"]
[Date "1995.??.??"]
[Round "8"]
[White "Brenninkmeijer, Joris"]
[Black "Grooten, Herman"]
[Result "1/2-1/2"]
[WhiteElo "2500"]
[BlackElo "2340"]
[PlyCount "179"]
[EventDate "1995.08.??"]
[EventType "swiss"]
[EventRounds "9"]
[EventCountry "NED"]
[SourceTitle "EXT 1997"]
[Source "ChessBase"]
[SourceDate "1996.11.15"]
[SourceVersion "1"]
[SourceVersionDate "1996.11.15"]
[SourceQuality "1"]

1. d4 Nf6 2. c4 e6 3. Nc3 Bb4 4. Qc2 c5 5. dxc5 Bxc5 6. Nf3 b6 7. Bg5 h6 8. Bh4 Bb7 9. e3 Be7 10. Be2 d6 11. Rd1 Nbd7 12. 0-0 a6 13. Bg3 Qc7 14. Qd2 e5 15. b4 Rc8 16. Rc1 Qb8 17. Qb2 Qa8 18. Rfd1 0-0 19. Ne1 Rc7 20. f3 Rfc8 21. e4 Nh5 22. Bf2 Nf4 23. Bf1 Qb8 24. g3 Ne6 25. Nd5 Bxd5 26. cxd5 Bg5 27. Rxc7 Nxc7 28. a4 Qb7 29. h4 Bd8 30. Nc2 b5 31. a5 Ne8 32. Ne3 Qc7 33. Be1 Qa7 34. Bd2 g6 35. Kg2 h5 36. Qb3 Kf8 37. Bc1 Rc7 38. Rd3 Qb8 39. Rc3 Qc8 40. Bd2 Rxc3 41. Bxc3 Bc7 42. Kh2 Bb8 43. Bh3 Ba7 44. Bd2 Qc7 45. Qd3 Nef6 46. Kg2 Ke7 47. Kf1 Bd4 48. Ke2 Ba7 49. Kd1 Ke8 50. Qb3 Ke7 51. Bf1 Bd4 52. Bd3 Qa7 53. Ke2 Qc7 54. Qb1 Kd8 55. Qe1 Qc8 56. Nc2 Ba7 57. Kf1 Kc7 58. Kg2 Kd8 59. Qb1 Ke8 60. Qb3 Ke7 61. Be2 Kd8 62. Qd3 Qc7 63. Ne3 Kc8 64. Nf1 Kb7 65. g4 Qc8 66. Ng3 Nf8 67. Qc3 Qd7 68. gxh5 Nxh5 69. Nxh5 gxh5 70. f4 exf4 71. Bxf4 Ng6 72. Bg3 Qe8 73. Kf1 Ne5 74. Bxe5 dxe5 75. Bxh5 Qg8 76. Qf3 Qg1+ 77. Ke2 Qh2+ 78. Kd3 Qf2 79. Qxf7+ Ka8 80. Qe8+ Kb7 81. Qc6+ Kb8 82. Qd6+ Kb7 83. Qxe5 Qe3+ 84. Kc2 Bd4 85. Qe7+ Kb8 86. Qd8+ Kb7 87. Qd7+ Kb8 88. Qd6+ Kb7 89. Qc6+ Kb8 90. Qd6+ 1/2-1/2